|
|
|
|
| LEADER |
00000nam a2200000 i 4500 |
| 001 |
ELB40992 |
| 003 |
FINmELB |
| 005 |
20200305142705.0 |
| 006 |
m o d | |
| 007 |
cr cnu|||||||| |
| 008 |
190610s2011 mx o 000 0 spa d |
| 020 |
|
|
|z 9786079124175
|
| 020 |
|
|
|a 9781512953107
|q (e-book)
|
| 035 |
|
|
|a (OCoLC)1145100533
|
| 040 |
|
|
|a FINmELB
|b spa
|e rda
|c FINmELB
|
| 050 |
|
4 |
|a Z1003
|b B574 2011
|
| 080 |
|
|
|a 028:351.85
|
| 082 |
0 |
|
|a 028.9
|2 23
|
| 100 |
1 |
|
|a Báez Ayala, Susana.
|
| 245 |
1 |
0 |
|a Sueños de palabras en al estepa :
|b experiencias lectoras contra la violencia en Ciudad Juárez (2001-2010) /
|c colectivo Palabras de Arena : Susana Báez Ayala, Ana Laura Ramírez Báez, Ivonne Ramírez, Ramírez.
|
| 264 |
|
1 |
|a México, D.F. :
|b Ediciones y Gráficos Eón,
|c 2011.
|
| 300 |
|
|
|a 1 recurso en línea (266 páginas)
|
| 336 |
|
|
|a texto
|b txt
|2 rdacontent/spa
|
| 337 |
|
|
|a computadora
|b c
|2 rdamedia/spa
|
| 338 |
|
|
|a recurso en línea
|b cr
|2 rdacarrier/spa
|
| 490 |
1 |
|
|a Colección Diversidad sin violencia
|
| 588 |
|
|
|a Descripción basada en metadatos suministrados por el editor y otras fuentes.
|
| 590 |
|
|
|a Recurso electrónico. Santa Fe, Arg.: elibro, 2020. Disponible vía World Wide Web. El acceso puede estar limitado para las bibliotecas afiliadas a elibro.
|
| 650 |
|
0 |
|a Reading promotion.
|
| 650 |
|
0 |
|a Reading
|x Social aspects.
|
| 650 |
|
0 |
|a Violence
|z Mexico
|z Ciudad Juárez.
|
| 650 |
|
4 |
|a Promoción de la lectura.
|
| 650 |
|
4 |
|a Lectura.
|
| 650 |
|
4 |
|a Medio social.
|
| 650 |
|
4 |
|a Violencia.
|
| 651 |
|
4 |
|a México.
|
| 655 |
|
4 |
|a Libros electrónicos.
|
| 700 |
1 |
|
|a Ramírez Báez, Ana Laura,
|e autor.
|
| 700 |
1 |
|
|a Ramírez Ramírez, Ivonne,
|e autor.
|
| 797 |
2 |
|
|a e-libro, Corp.
|
| 830 |
|
0 |
|a Colección Diversidad sin violencia.
|
| 856 |
4 |
0 |
|u https://elibro.uam.elogim.com/ereader/bidiuam/40992
|z Texto completo
|
| 950 |
|
|
|a eLibro Ciencias Sociales
|
| 950 |
|
|
|a eLibro Cátedra
|
| 950 |
|
|
|a eLibro Cátedra España
|